000 00913nam a2200217Ia 4500
003 OSt
005 20251230105343.0
008 220922b |||||||| |||| 00| 0 hin d
037 _cTB
040 _aARTS
_cARTS
_bhin
041 _2hin
_ahin
084 _qTB
100 _aसहगल, नगीन चंद
_9157452
245 0 _aकाव्यानुवाद सिद्धंात और समस्याएं
246 _aKāvyānuvād siddhanāt aur samasyāean
260 _aदिल्ली, भारत:
_b हिंदी माध्यम कार्यान्वय निदेशालय दिल्ली विश्वविधालय,
_c1991.
300 _a212पृ.
_ccm.
650 _aहिन्दी भाषा
_9860275
942 _hP152:795(O111,1), 152N1
_cTEXL
_2CC
_n0
999 _c350637
_d350637